000 00624nam a2200193 i 4500
001 111176
003 ES-MaACL
005 20250618142852.0
007 t|
008 061121s1948 sp r ||||1| spa d
100 1 _aOlavide, José E.
_9160563
245 1 0 _aTres genios del ajedrez
_b: Lasker-Capablanca-Alekhine /
_cJosé E. Olavide.
260 _aMadrid ; Toledo :
_bRicardo Aguilera : Rafael Gómez-Menor,
_c1948.
300 _a80 p. :
_bil. ;
_c16 cm.
600 1 7 _aCapablanca, José Raúl,
_d1888-1942
_2
_9168413
650 0 4 _aAjedrez.
_99707
852 _aES-MaACL
_j1789-F-4
_bR.26515
999 _c111176
_d111176